[Event "SVK Extraliga 2017-18"]
[Site "Slovakia"]
[Date "2017.12.09"]
[Round "5"]
[White "Krak, Tomas"]
[Black "Holtman, Teodor"]
[Result "0-1"]
[WhiteElo "2312"]
[BlackElo "2296"]
[Annotator "NA"]
[PlyCount "83"]
[EventDate "2017.??.??"]
[EventType "team-tourn"]
[EventCountry "SVK"]
[SourceTitle "playchess.com"]
[Source "ChessBase"]
[SourceQuality "1"]
[TimeControl "40/5400+30:1800+30"]

1. d4 {[%emt 0:01:41]} f5 {[%emt 0:11:45]} 2. Nc3 {[%emt 0:01:21]} d5 {[%emt 0:00:52]} 3. Bg5 {[%emt 0:05:37]} c6 {[%emt 0:00:41]} 4. e3 {[%emt 0:02:15]} g6 {[%emt 0:01:30]} 5. Nf3 {[%emt 0:13:33]} Nd7 {[%emt 0:04:24]} 6. h4 {[%emt 0:05:17]} Ngf6 {[%emt 0:11:20]} 7. h5 {[%emt 0:07:53]} Nxh5 {[%emt 0:00:02]} 8. Rxh5 {[%emt 0:05:22]} gxh5 {[%emt 0:00:01]} 9. Nh4 {[%emt 0:02:36]} Nf6 {[%emt 0:00:54]} 10. Bxf6 {[%emt 0:01:56]} exf6 {[%emt 0:00:02]} 11. Qxh5+ {[%emt 0:01:05]} Kd7 {[%emt 0:04:37]} 12. O-O-O {[%emt 0:19:36]} Kc7 {[%emt 0:01:22]} 13. Bd3 {[%emt 0:07:07]} Bb4 {[%emt 0:06:03]} 14. Ne2 {[%emt 0:02:03]} Bd7 {[%emt 0:09:02]} 15. Bxf5 {[%emt 0:07:08]} Qe7 {[%emt 0:00:59]} 16. Rh1 {[%emt 0:05:27]} Rag8 {[%emt 0:03:27]} 17. Qf3 {[%emt 0:04:03]} Bxf5 {[%emt 0:10:12]} 18. Qxf5 {[%emt 0:00:38]} Bd6 {[%emt 0:05:16]} 19. Rh3 {[%emt 0:02:34]} Rg5 {[%emt 0:02:12]} 20. Qf3 {[%emt 0:00:12]} Qe6 {[%emt 0:03:29]} 21. Nf4 {[%emt 0:01:38]} Bxf4 {[%emt 0:00:01]} 22. Qxf4+ {[%emt 0:00:08]} Kb6 {[%emt 0:00:08]} 23. e4 {[%emt 0:00:43]} dxe4 {[%emt 0:02:24]} 24. Ra3 {[%emt 0:01:35]} Ra5 {[%emt 0:04:49]} 25. Rb3+ {[%emt 0:00:25]} Rb5 {[%emt 0:00:44]} 26. Ra3 {[%emt 0:00:13]} Qd5 {[%emt 0:02:30]} 27. Qxf6 {[%emt 0:00:53]} Qg5+ {[%emt 0:00:11]} 28. Qxg5 {[%emt 0:00:04]} Rxg5 {[%emt 0:00:04]} 29. Re3 {[%emt 0:00:21]} Rf8 {[%emt 0:02:21]} 30. Re2 {[%emt 0:00:14]} Rg4 {[%emt 0:00:33]} 31. g3 {[%emt 0:00:11]} e3 {[%emt 0:00:40]} 32. fxe3 {[%emt 0:00:20]} Rxg3 {[%emt 0:00:03]} 33. e4 {[%emt 0:00:09]} Rf4 {[%emt 0:03:51]} 34. Nf5 {[%emt 0:00:06]} Rgg4 {[%emt 0:00:51]} 35. Nd6 {[%emt 0:01:10]} Kc7 {[%emt 0:00:04]} 36. e5 {[%emt 0:00:28]} Rxd4 {[%emt 0:05:25]} 37. c3 {[%emt 0:00:13]} Rdf4 {[%emt 0:04:30]} 38. Rh2 {[%emt 0:00:38]} Rh4 {[%emt 0:00:45]} 39. Rg2 {[%emt 0:00:11]} Rfg4 {[%emt 0:00:46]} 40. Rf2 {[%emt 0:00:16]} Rf4 {[%emt 0:30:50]} 41. Rg2 {[%emt 0:30:14]} c5 {[%emt 0:00:00]} 42. Rd2 {[%emt 0:00:00]} 0-1

[Event "SVK Extraliga 2017-18"]
[Site "Slovakia"]
[Date "2017.12.09"]
[Round "5"]
[White "Jablonicky, Martin"]
[Black "Vojtek, Vladimir"]
[Result "1-0"]
[WhiteElo "2302"]
[BlackElo "2293"]
[Annotator "NA"]
[PlyCount "95"]
[EventDate "2017.??.??"]
[EventType "team-tourn"]
[EventCountry "SVK"]
[SourceTitle "playchess.com"]
[Source "ChessBase"]
[SourceQuality "1"]
[TimeControl "40/5400+30:1800+30"]

{[%evp 15,91,0,0,0,0,0,10,0,19,18,38,35,30,34,35,22,32,11,37,23,43,43,33,0,2,0,0,0,0,0,0,0,0,0,0,0,0,0,0,0,0,0,0,0,12,32767,8,32767,32767,32767,32767,32767,31,94,32767,32767,32767,32767,32767,32767,32767,32767,32767,32767,32767,32767,32767,32767,32767,8,37,32767,32767,32767,985,5025,32767,12849]} 1. e4 {[%emt 0:00:04]} e6 {[%emt 0:00:11]} 2. d4 {[%emt 0:00:26]} d5 {[%emt 0:00:05]} 3. Bd3 {[%emt 0:00:03]} c5 {[%emt 0:01:14]} 4. exd5 {[%emt 0:00:58]} exd5 {[%emt 0:00:12]} 5. dxc5 {[%emt 0:00:50]} Bxc5 {[%emt 0:02:15]} 6. Nf3 {[%emt 0:00:17]} Nf6 {[%emt 0:02:33]} 7. O-O {[%emt 0:01:30]} O-O {[%emt 0:00:15]} 8. Nc3 {[%emt 0:08:39]} h6 {[%emt 0:15:28]} 9. h3 {[%emt 0:03:36]} Nc6 {[%emt 0:11:38]} 10. Bf4 {[%emt 0:01:10] C01: French: Exchange Variation} Be6 {[%emt 0:06:16]} 11. a3 {[%emt 0:13:31] LiveBook: 4 Games} d4 $146 {[%emt 0:07:54]} ({Predecessor:} 11... a5 12. Re1 Re8 13. Nb5 Rc8 14. Be3 Bf8 15. c3 Ne4 16. Nbd4 Bd7 17. Rc1 Qf6 {½-½ (49) Mirzoev,A (2510)-Chigaev,M (2337) St Petersburg 2011}) 12. Ne4 {[%emt 0:03:51]} Nxe4 {[%emt 0:00:40]} 13. Bxe4 {[%emt 0:00:02]} Bd5 {[%emt 0:00:10]} 14. Bxd5 {[%emt 0:03:00]} Qxd5 {[%emt 0:00:03]} 15. b4 {[%emt 0:00:07]} Be7 {[%emt 0:07:31]} 16. Qd3 {[%emt 0:01:07]} b5 {[%emt 0:03:31]} 17. Rad1 {[%emt 0:01:57]} Rfd8 {[%emt 0:05:07]} 18. c3 {[%emt 0:05:32]} Bf6 {[%emt 0:02:59]} 19. Be3 {[%emt 0:04:46]} a5 {[%emt 0:09:18]} 20. Nxd4 {[%emt 0:06:42]} axb4 {[%emt 0:05:40]} 21. axb4 {[%emt 0:00:16]} Bxd4 {[%emt 0:04:58]} 22. Bxd4 {[%emt 0:00:03]} Nxd4 {[%emt 0:02:51]} 23. Qxd4 {[%emt 0:00:09]} Qxd4 {[%emt 0:00:43]} 24. Rxd4 {[%emt 0:00:01]} Rxd4 {[%emt 0:00:51]} 25. cxd4 {[%emt 0:00:02]} Ra4 {[%emt 0:00:28]} 26. Rb1 {[%emt 0:00:02]} Kf8 {[%emt 0:00:05]} 27. Kf1 {[%emt 0:01:47]} Ke7 {[%emt 0:00:14]} 28. Ke2 {[%emt 0:02:47]} Kd6 {[%emt 0:00:48]} 29. Rb3 {[%emt 0:10:13]} f5 {[%emt 0:03:19]} 30. g4 {[%emt 0:10:40]} Ra2+ {[%emt 0:01:14]} 31. Ke3 {[%emt 0:01:14]} f4+ {[%emt 0:01:03]} 32. Kxf4 {[%emt 0:01:39]} Rxf2+ {[%emt 0:00:04]} 33. Ke4 {[%emt 0:00:11]} Re2+ {[%emt 0:03:43]} 34. Re3 {[%emt 0:05:28]} Rf2 {[%emt 0:02:42]} 35. Ra3 {[%emt 0:00:38]} Re2+ {[%emt 0:00:52]} 36. Kd3 {[%emt 0:04:52]} Rh2 {[%emt 0:00:06]} 37. Ra7 {[%emt 0:00:18]} Rxh3+ {[%emt 0:00:21]} 38. Ke4 {[%emt 0:00:02]} Rb3 {[%emt 0:00:51]} 39. Rxg7 {[%emt 0:00:11]} Rxb4 {[%emt 0:00:21]} 40. Rg6+ {[%emt 0:00:21]} Ke7 {[%emt 0:30:08]} 41. Rxh6 {[%emt 0:31:12]} Rb1 {[%emt 0:01:31]} 42. Kd5 {[%emt 0:06:31]} Rg1 {[%emt 0:00:00]} 43. Rh7+ {[%emt 0:00:00]} Kd8 {[%emt 0:00:00]} 44. Kd6 {[%emt 0:00:00]} Kc8 $2 {[%emt 0:00:00] [#]} (44... Ke8 $16) 45. Kc6 $1 {[%emt 0:00:00]} Kb8 {[%emt 0:00:00]} 46. Rb7+ $18 {[%emt 0:00:00]} Ka8 {[%emt 0:00:00]} 47. Rg7 {[%emt 0:00:00]} Kb8 {[%emt 0:00:00]} 48. Kxb5 {[%emt 0:00:00]} 1-0

[Event "SVK Extraliga 2017-18"]
[Site "Slovakia"]
[Date "2017.12.09"]
[Round "5"]
[White "Haring, Viktor"]
[Black "Pacher, Milan"]
[Result "0-1"]
[WhiteElo "2289"]
[BlackElo "2449"]
[Annotator "TA"]
[PlyCount "62"]
[EventDate "2017.??.??"]
[EventType "team-tourn"]
[EventCountry "SVK"]
[SourceTitle "playchess.com"]
[Source "ChessBase"]
[SourceQuality "1"]

{[%evp 20,62,57,86,58,69,47,9,8,-64,0,0,11,16,12,15,8,0,0,0,0,-112,-110,-118,-112,-105,-97,-94,-110,-235,-229,-227,-226,-206,-106,-236,-237,-233,-207,-217,-193,-300,-276,-382,-377]} 1. e4 c5 2. Nf3 e6 3. d4 cxd4 4. Nxd4 Nc6 5. Nc3 Qc7 6. Be3 a6 7. Qf3 {B48: Sicilian: Taimanov: 5 Nc3 Qc7 6 Be3 a6 without Be2} (7. Bd3 b5 8. O-O Bb7 9. Re1 Nf6 10. Nxc6 Qxc6 11. Bd4 Be7 12. Qf3 d6 13. a3 O-O 14. Qg3 Rad8 15. Rad1 Nh5 16. Qf3 Nf6 {1-0 (44) Carlsen,M (2832)-Grischuk,A (2750) chess.com INT 2017}) 7... Ne5 8. Qg3 h5 {[%cal Bh7h5,Bh5h4][%mdl 32]} 9. f4 h4 10. Qh3 Nc4 11. Bxc4 {LiveBook: 3 Games} Qxc4 12. O-O-O b5 13. Nb3 Qc7 14. Rd3 $146 (14. Rhe1 $11) ({Predecessor:} 14. Rhe1 Bb7 {½-½ (36) Rodionova,D (2279)-Keetman,M (2101) Prague 2016}) 14... Bb7 (14... b4 $1 $15 15. Na4 Rb8) 15. Rhd1 $11 Nf6 16. e5 Nd5 $1 17. Nxd5 Bxd5 18. Rxd5 exd5 19. Rxd5 Rc8 {[%csl Gc8][%cal Rc7c2]} 20. Nc5 (20. Nd4 $11) 20... Qc6 $1 $40 {[%cal Rc6d5][%mdl 128] Black wants a kill.} 21. Qf3 {[#]} (21. Qxd7+ $6 Qxd7 22. Nxd7 Rd8 $11) 21... d6 $1 {[%cal Rd6c5]} ({Much weaker is} 21... Bxc5 $6 22. Bxc5 a5 23. c3 $11) 22. exd6 Bxd6 23. Qe4+ Kf8 24. Qf5 {[#]} (24. Qd3 $17 Be7 25. Nd7+ Kg8 26. Ne5) 24... Rh6 $1 $19 25. Nd7+ Kg8 26. Ne5 Bxe5 ({Better is} 26... Qxd5 $19 27. Qxc8+ Bf8) 27. fxe5 (27. Rc5 $17 Qxc5 28. Bxc5 Rxc5 29. fxe5) 27... Re6 28. Qd3 Rce8 29. Bf4 Qb6 30. Be3 (30. Qf3 $142) 30... Qa5 {Threatens to win with ...Qe1+.} 31. c3 Qxa2 {Precision: White = 44%, Black = 75%.} 0-1

[Event "SVK Extraliga 2017-18"]
[Site "Slovakia"]
[Date "2017.12.09"]
[Round "5"]
[White "Schwarz, Dusan"]
[Black "Kantorik, Marian"]
[Result "0-1"]
[WhiteElo "2284"]
[BlackElo "2298"]
[Annotator "NA"]
[PlyCount "68"]
[EventDate "2017.??.??"]
[EventType "team-tourn"]
[EventCountry "SVK"]
[SourceTitle "playchess.com"]
[Source "ChessBase"]
[SourceQuality "1"]
[TimeControl "40/5400+30:1800+30"]

1. d4 {[%emt 0:00:00]} Nf6 {[%emt 0:01:01]} 2. c4 {[%emt 0:00:00]} e6 {[%emt 0:00:13]} 3. Nc3 {[%emt 0:00:00]} c5 {[%emt 0:00:31]} 4. d5 {[%emt 0:00:16]} exd5 {[%emt 0:00:07]} 5. cxd5 {[%emt 0:00:05]} d6 {[%emt 0:00:09]} 6. e4 {[%emt 0:01:11]} g6 {[%emt 0:00:14]} 7. Nge2 {[%emt 0:01:04]} Bg7 {[%emt 0:00:23]} 8. Ng3 {[%emt 0:00:13]} O-O {[%emt 0:00:37]} 9. Be2 {[%emt 0:00:15]} b6 {[%emt 0:01:47]} 10. O-O {[%emt 0:02:03]} Ba6 {[%emt 0:00:56]} 11. Bg5 {[%emt 0:08:19]} Bxe2 {[%emt 0:01:30]} 12. Qxe2 {[%emt 0:00:16]} Nbd7 {[%emt 0:00:46]} 13. Rae1 {[%emt 0:04:26]} a6 {[%emt 0:01:04]} 14. a4 {[%emt 0:06:49]} (14. f4 $5 {[%cal Re4e5]}) 14... Re8 {[%emt 0:01:06]} 15. Qd2 {[%emt 0:04:24]} Qc7 {[%emt 0:06:10]} 16. Bh6 {[%emt 0:03:00]} Bh8 {[%emt 0:02:16]} 17. h3 {[%emt 0:11:54]} c4 {[%emt 0:10:29]} 18. f4 {[%emt 0:11:37]} b5 {[%emt 0:00:48]} 19. axb5 {[%emt 0:04:53]} axb5 {[%emt 0:00:08]} 20. Kh1 {[%emt 0:00:10]} b4 {[%emt 0:03:31]} 21. Nd1 {[%emt 0:00:21]} Qc5 {[%emt 0:04:37]} 22. f5 {[%emt 0:08:54]} Ra2 {[%emt 0:14:33]} 23. fxg6 {[%emt 0:00:40]} hxg6 {[%emt 0:00:40]} 24. Qc1 {[%emt 0:11:44]} Ne5 {[%emt 0:03:54]} 25. Be3 {[%emt 0:01:55]} Qa5 $17 {[%emt 0:06:45]} (25... Nd3 $19 {is more deadly.} 26. Bxc5 Nxc1 27. Bxd6 Nd3) 26. Nf2 {[%emt 0:00:26]} Nfd7 {[%emt 0:02:50]} 27. Ne2 {[%emt 0:03:48]} Nc5 {[%emt 0:05:49]} 28. Bxc5 {[%emt 0:02:42]} Qxc5 {[%emt 0:00:26]} 29. Rd1 {[%emt 0:02:45]} c3 {[%emt 0:02:02]} 30. Nf4 {[%emt 0:04:51]} cxb2 {[%emt 0:03:09]} 31. Qb1 {[%emt 0:01:15]} b3 {[%emt 0:01:26]} 32. N2d3 {[%emt 0:01:00]} Qc2 {[%emt 0:04:08]} 33. Nb4 {[%emt 0:00:33]} Qxb1 {[%emt 0:01:04]} 34. Rxb1 {[%emt 0:00:05]} Nc4 {[%emt 0:00:46]} 0-1

[Event "SVK Extraliga 2017-18"]
[Site "Slovakia"]
[Date "2017.12.09"]
[Round "5"]
[White "Zambor, Norbert"]
[Black "Fiacan, Robert"]
[Result "1-0"]
[WhiteElo "2284"]
[BlackElo "2229"]
[Annotator "NA"]
[PlyCount "148"]
[EventDate "2017.??.??"]
[EventType "team-tourn"]
[EventCountry "SVK"]
[SourceTitle "playchess.com"]
[Source "ChessBase"]
[SourceQuality "1"]
[TimeControl "40/5400+30:1800+30"]

1. e4 {[%emt 0:00:00]} e5 {[%emt 0:00:33]} 2. Nf3 {[%emt 0:00:04]} Nc6 {[%emt 0:00:06]} 3. Bc4 {[%emt 0:01:18]} Bc5 {[%emt 0:01:05]} 4. O-O {[%emt 0:01:06]} Nf6 {[%emt 0:02:44]} 5. d3 {[%emt 0:00:11]} d6 {[%emt 0:01:59]} 6. c3 {[%emt 0:00:25]} O-O {[%emt 0:07:21]} 7. b4 {[%emt 0:03:25]} Bb6 {[%emt 0:00:20]} 8. Bg5 {[%emt 0:03:36]} Be6 {[%emt 0:06:46]} 9. a4 {[%emt 0:15:37]} a5 {[%emt 0:13:59]} 10. b5 {[%emt 0:03:11]} Bxc4 {[%emt 0:05:03]} 11. bxc6 {[%emt 0:16:21]} Ba6 {[%emt 0:02:13]} 12. cxb7 {[%emt 0:03:13]} Bxb7 {[%emt 0:06:28]} 13. c4 {[%emt 0:04:37]} h6 {[%emt 0:03:29]} 14. Be3 {[%emt 0:17:59]} c6 {[%emt 0:12:53]} 15. Bxb6 {[%emt 0:07:17]} Qxb6 {[%emt 0:00:10]} 16. Nbd2 {[%emt 0:00:37]} Rfe8 {[%emt 0:08:39]} 17. Rb1 {[%emt 0:01:12]} Qa7 {[%emt 0:01:10]} 18. Qb3 {[%emt 0:00:46]} Rab8 {[%emt 0:01:45]} 19. Qc3 {[%emt 0:05:09]} Ba8 {[%emt 0:07:57]} 20. c5 {[%emt 0:09:50]} dxc5 {[%emt 0:11:26]} 21. Nxe5 {[%emt 0:01:41]} Rb4 {[%emt 0:00:22]} 22. Ndc4 {[%emt 0:01:06]} Qc7 {[%emt 0:00:33]} 23. f4 {[%emt 0:00:57]} Bb7 {[%emt 0:00:47]} 24. Ne3 {[%emt 0:01:08]} Nd7 {[%emt 0:01:47]} 25. Nxd7 {[%emt 0:01:08]} Qxd7 {[%emt 0:00:08]} 26. Nf5 {[%emt 0:00:20]} f6 {[%emt 0:00:32]} 27. Rbd1 {[%emt 0:00:44]} g6 {[%emt 0:01:13]} 28. Ne3 {[%emt 0:00:29]} Qd4 {[%emt 0:00:20]} 29. Qxd4 {[%emt 0:00:12]} cxd4 {[%emt 0:00:10]} 30. Nc4 {[%emt 0:00:44]} Rxa4 {[%emt 0:00:54]} 31. Nb6 {[%emt 0:00:25]} Rb4 {[%emt 0:00:56]} 32. Nd7 {[%emt 0:00:11]} Kf7 {[%emt 0:00:24]} 33. Rb1 {[%emt 0:00:58]} Rb5 {[%emt 0:01:49]} 34. Rfc1 {[%emt 0:00:26]} Ke7 {[%emt 0:00:40]} 35. Nc5 {[%emt 0:00:31]} Rb8 {[%emt 0:00:19]} 36. Ra1 {[%emt 0:00:33]} Kd6 {[%emt 0:00:30]} 37. e5+ {[%emt 0:00:29]} fxe5 {[%emt 0:00:32]} 38. fxe5+ {[%emt 0:00:11]} Kd5 {[%emt 0:00:33]} 39. Ne4 {[%emt 0:00:46]} Kxe5 {[%emt 0:00:13]} 40. Nd2 {[%emt 0:00:15]} Kd5 {[%emt 0:30:56]} 41. Nc4 {[%emt 0:01:02]} Re8 {[%emt 0:00:00]} 42. Ra2 {[%emt 0:10:02]} Bc8 {[%emt 0:00:00]} 43. Nxa5 {[%emt 0:03:54]} Bd7 {[%emt 0:00:00]} 44. Nc4 {[%emt 0:01:03]} Bf5 {[%emt 0:00:00]} 45. Ra7 {[%emt 0:04:54]} Re2 {[%emt 0:00:00]} 46. Ra8 {[%emt 0:00:31]} c5 {[%emt 0:00:00]} 47. Ra3 {[%emt 0:11:39]} Rb4 {[%emt 0:00:00]} 48. Kf1 {[%emt 0:00:07]} Re6 {[%emt 0:00:00]} 49. Nd2 {[%emt 0:01:03]} Re3 {[%emt 0:00:47]} 50. Ra5 {[%emt 0:00:51]} Bxd3+ {[%emt 0:00:13]} 51. Kg1 {[%emt 0:00:07]} Rb5 {[%emt 0:00:24]} 52. Ra8 {[%emt 0:00:38]} Re2 {[%emt 0:01:51]} 53. Rd8+ {[%emt 0:00:23]} Kc6 {[%emt 0:00:39]} 54. Nf3 {[%emt 0:00:26]} Kb7 {[%emt 0:00:39]} 55. Rd7+ {[%emt 0:01:05]} Kb6 {[%emt 0:00:50]} 56. Rd6+ {[%emt 0:00:36]} Ka5 {[%emt 0:00:13]} 57. Rd5 {[%emt 0:00:23]} Kb4 {[%emt 0:00:33]} 58. Ne5 {[%emt 0:00:07]} Rxg2+ {[%emt 0:01:28]} 59. Kxg2 {[%emt 0:00:36]} Be4+ {[%emt 0:00:07]} 60. Kf2 {[%emt 0:00:13]} Bxd5 {[%emt 0:00:08]} 61. Nd3+ {[%emt 0:00:08]} Ka3 {[%emt 0:02:06]} 62. Nxc5 {[%emt 0:01:02]} Rb2+ {[%emt 0:00:13]} 63. Kg3 {[%emt 0:00:37]} Rg2+ {[%emt 0:00:08]} 64. Kf4 {[%emt 0:00:27]} Rxh2 {[%emt 0:00:22]} 65. Ke5 {[%emt 0:00:06]} Rh5+ {[%emt 0:01:19]} 66. Kxd4 {[%emt 0:00:02]} Rf5 {[%emt 0:01:05]} 67. Rc3+ {[%emt 0:00:26]} Kb4 {[%emt 0:00:24]} 68. Nd3+ {[%emt 0:00:23]} Ka4 {[%emt 0:00:21]} 69. Nb2+ {[%emt 0:00:21]} Kb5 {[%emt 0:00:39]} 70. Rc5+ {[%emt 0:00:07]} Kb4 {[%emt 0:00:10]} 71. Nd3+ {[%emt 0:00:09]} Kb3 {[%emt 0:00:16]} 72. Rb5+ {[%emt 0:01:02]} Kc2 {[%emt 0:00:24]} 73. Rb2+ {[%emt 0:00:18]} Kd1 {[%emt 0:00:07]} 74. Kc3 {[%emt 0:00:05]} Bf7 1-0

[Event "SVK Extraliga 2017-18"]
[Site "Slovakia"]
[Date "2017.12.09"]
[Round "5"]
[White "Istona, Martin"]
[Black "Bombek, Peter"]
[Result "1/2-1/2"]
[WhiteElo "2277"]
[BlackElo "2252"]
[Annotator "NA"]
[PlyCount "124"]
[EventDate "2017.??.??"]
[EventType "team-tourn"]
[EventCountry "SVK"]
[SourceTitle "playchess.com"]
[Source "ChessBase"]
[SourceQuality "1"]
[TimeControl "40/5400+30:1800+30"]

1. e4 {[%emt 0:00:00]} e6 {[%emt 0:00:03]} 2. d4 {[%emt 0:00:00]} d5 {[%emt 0:00:04]} 3. e5 {[%emt 0:00:00]} c5 {[%emt 0:00:15]} 4. c3 {[%emt 0:00:02]} Bd7 {[%emt 0:00:10]} 5. Nf3 {[%emt 0:01:01]} Nc6 {[%emt 0:00:14]} 6. Be2 {[%emt 0:00:06]} Nge7 {[%emt 0:00:29]} 7. Na3 {[%emt 0:01:32]} cxd4 {[%emt 0:02:02]} 8. cxd4 {[%emt 0:00:06]} Nf5 {[%emt 0:01:09]} 9. Nc2 {[%emt 0:00:22]} Qb6 {[%emt 0:01:04]} 10. O-O {[%emt 0:03:11]} Rc8 {[%emt 0:00:52]} 11. Rb1 {[%emt 0:13:59]} a5 {[%emt 0:03:54]} 12. b3 {[%emt 0:11:03]} Be7 {[%emt 0:06:46]} 13. a3 {[%emt 0:06:58]} Na7 {[%emt 0:02:09]} 14. b4 {[%emt 0:26:55]} Ba4 {[%emt 0:06:29]} 15. Bd3 {[%emt 0:00:49]} axb4 {[%emt 0:02:06]} 16. axb4 {[%emt 0:01:59]} Nb5 {[%emt 0:03:40]} 17. Bb2 {[%emt 0:08:57]} O-O {[%emt 0:18:07]} 18. Qd2 {[%emt 0:01:57]} Bxc2 {[%emt 0:07:00]} 19. Bxc2 {[%emt 0:00:15]} Rc4 {[%emt 0:01:20]} 20. Bd3 {[%emt 0:10:02]} Rxb4 {[%emt 0:02:38]} 21. Bc3 {[%emt 0:00:43]} (21. h4 $15) 21... Nxc3 {[%emt 0:01:30]} 22. Qxc3 {[%emt 0:00:02]} Nxd4 {[%emt 0:04:50]} 23. Nxd4 {[%emt 0:00:31]} Qxd4 {[%emt 0:00:18]} 24. Qxd4 {[%emt 0:00:18]} Rxd4 {[%emt 0:00:05]} 25. Rxb7 {[%emt 0:00:16]} Rxd3 {[%emt 0:05:13]} 26. Rxe7 {[%emt 0:00:05]} Rc8 {[%emt 0:02:34]} 27. g3 {[%emt 0:09:47]} Rdc3 {[%emt 0:01:53]} 28. Rb1 {[%emt 0:02:07]} Rc1+ {[%emt 0:00:44]} 29. Rxc1 {[%emt 0:00:01]} Rxc1+ {[%emt 0:00:06]} 30. Kg2 {[%emt 0:00:03]} g5 {[%emt 0:01:15]} 31. f4 {[%emt 0:01:41]} Rc2+ {[%emt 0:02:37]} 32. Kh3 {[%emt 0:00:20]} gxf4 {[%emt 0:01:09]} 33. gxf4 {[%emt 0:00:14]} Kg7 {[%emt 0:00:52]} 34. Kg3 {[%emt 0:00:56]} Kg6 {[%emt 0:00:38]} 35. Rd7 {[%emt 0:00:17]} Rc3+ {[%emt 0:03:27]} 36. Kg2 {[%emt 0:00:33]} h5 {[%emt 0:01:03]} 37. Kf2 {[%emt 0:00:49]} Rd3 {[%emt 0:03:20]} 38. Re7 {[%emt 0:00:27]} h4 {[%emt 0:01:40]} 39. Kg2 {[%emt 0:00:34]} d4 {[%emt 0:06:22]} 40. Rd7 {[%emt 0:00:30]} Rd2+ {[%emt 0:34:02]} 41. Kh3 {[%emt 0:05:15]} d3 {[%emt 0:00:00]} 42. Kxh4 {[%emt 0:04:00]} Rxh2+ {[%emt 0:00:00]} 43. Kg3 {[%emt 0:00:22]} Rd2 {[%emt 0:00:00]} 44. Kf3 {[%emt 0:00:07]} Rd1 {[%emt 0:00:00]} 45. Ke3 {[%emt 0:03:33]} Re1+ {[%emt 0:00:00]} 46. Kf3 {[%emt 0:00:16]} Ra1 {[%emt 0:00:00]} 47. Rxd3 {[%emt 0:02:01]} Kf5 {[%emt 0:00:00]} 48. Rd7 {[%emt 0:01:02]} Ra3+ {[%emt 0:00:00]} 49. Ke2 {[%emt 0:00:33]} Kxf4 {[%emt 0:00:00]} 50. Rxf7+ {[%emt 0:00:16]} Kxe5 {[%emt 0:00:00]} 51. Rb7 $11 {[%emt 0:00:15]} Kf5 {[%emt 0:00:00]} 52. Rb5+ {[%emt 0:01:11]} e5 {[%emt 0:00:00]} 53. Rb4 {[%emt 0:00:04]} Ke6 {[%emt 0:00:00]} 54. Rh4 {[%emt 0:01:08]} Kd5 {[%emt 0:00:00]} 55. Rg4 {[%emt 0:00:53]} Ra2+ {[%emt 0:00:00]} 56. Ke3 {[%emt 0:00:27]} Rh2 {[%emt 0:00:00]} 57. Ra4 {[%emt 0:00:53]} Rh3+ {[%emt 0:00:00]} 58. Ke2 {[%emt 0:00:13]} Ke6 {[%emt 0:00:00]} 59. Rb4 {[%emt 0:00:37]} Kf5 {[%emt 0:00:00]} 60. Ra4 {[%emt 0:00:17]} Rb3 {[%emt 0:00:22]} 61. Rc4 {[%emt 0:01:01]} e4 {[%emt 0:00:33]} 62. Rc8 {[%emt 0:00:37]} Kf4 {[%emt 0:00:24]} 1/2-1/2

[Event "SVK Extraliga 2017-18"]
[Site "Slovakia"]
[Date "2017.12.09"]
[Round "5"]
[White "Franzen, Jozef"]
[Black "Zatko, Gregor"]
[Result "1-0"]
[WhiteElo "2261"]
[BlackElo "2167"]
[Annotator "NA"]
[PlyCount "61"]
[EventDate "2017.??.??"]
[EventType "team-tourn"]
[EventCountry "SVK"]
[SourceTitle "playchess.com"]
[Source "ChessBase"]
[SourceQuality "1"]
[TimeControl "40/5400+30:1800+30"]

1. Nf3 {[%emt 0:00:00]} d6 {[%emt 0:00:56]} 2. d4 {[%emt 0:00:13]} Nd7 {[%emt 0:00:27]} 3. e4 {[%emt 0:00:16]} g6 {[%emt 0:00:06]} 4. c4 {[%emt 0:00:29]} Bg7 {[%emt 0:00:12]} 5. Nc3 {[%emt 0:00:08]} e5 {[%emt 0:00:19]} 6. g3 {[%emt 0:00:53]} Ne7 {[%emt 0:00:32]} 7. Bg2 {[%emt 0:00:10]} O-O {[%emt 0:01:23]} 8. O-O {[%emt 0:00:07]} exd4 {[%emt 0:05:33]} 9. Nxd4 {[%emt 0:00:09]} Ne5 {[%emt 0:05:16]} 10. b3 {[%emt 0:01:35]} N7c6 {[%emt 0:00:19]} 11. Nxc6 {[%emt 0:07:58] A42: Moderne Verteidigung (mit c2-c4/ohne Sf6)} bxc6 {[%emt 0:05:17]} (11... Nxc6 12. Bb2 Be6 13. Qd2 Nd4 14. Rae1 Bh3 15. Nd5 Bxg2 16. Kxg2 Ne6 17. f4 Nc5 18. Bxg7 Kxg7 19. Qc3+ f6 20. e5 {1-0 (20) Solak,D (2568)-Vajda,L (2564) Predeal 2007}) 12. Bb2 {[%emt 0:03:47] LiveBook: 5 Games} Rb8 {[%emt 0:01:49]} 13. Qe2 {[%emt 0:03:48]} Re8 $146 {[%emt 0:11:13]} ({Vorgänger:} 13... f5 14. f4 Ng4 15. Rad1 fxe4 16. Bxe4 c5 17. h3 Nf6 18. Bg2 Re8 {1-0 (35) Horvath,A (2330)-Beszterczey,L (2077) Budapest 2005}) 14. f4 {[%emt 0:09:00]} Nd7 {[%emt 0:04:13]} 15. Rae1 {[%emt 0:06:23]} Nc5 {[%emt 0:02:29]} 16. Qd2 {[%emt 0:00:38]} Bd7 {[%emt 0:01:26]} 17. Re3 {[%emt 0:08:16]} Re7 {[%emt 0:04:27]} 18. Nd1 {[%emt 0:04:59]} Qf8 {[%emt 0:06:01]} 19. b4 {[%emt 0:08:19]} Na4 {[%emt 0:04:15]} 20. Bxg7 {[%emt 0:02:17]} Qxg7 {[%emt 0:01:04]} 21. Ra3 {[%emt 0:01:40]} c5 {[%emt 0:13:31]} 22. b5 {[%emt 0:00:09]} Nb6 {[%emt 0:00:06]} 23. Ne3 {[%emt 0:00:19]} f5 {[%emt 0:05:21]} 24. exf5 {[%emt 0:03:37]} Bxf5 {[%emt 0:03:38]} 25. Nxf5 {[%emt 0:02:01]} gxf5 {[%emt 0:00:26]} 26. Bd5+ {[%emt 0:05:02]} Kh8 {[%emt 0:00:34]} 27. Rxa7 {[%emt 0:00:16]} Rbe8 {[%emt 0:01:06]} 28. Rf2 {[%emt 0:00:41]} c6 {[%emt 0:06:49]} 29. Rxe7 {[%emt 0:00:42]} Rxe7 {[%emt 0:01:03]} 30. bxc6 {[%emt 0:00:16]} Na4 {[%emt 0:01:47]} 31. Qa5 {[%emt 0:03:17]} 1-0